Housing maintenance manual
| Format: | Book |
|---|---|
| Published: |
Lancester :
The construction press ,
1980
|
| Subjects: |
MARC
| LEADER | 00000cam a2200000 7i4500 | ||
|---|---|---|---|
| 001 | 0000001447 | ||
| 005 | 20050427.0 | ||
| 020 | |a 0860958280 | ||
| 040 | |a INS | ||
| 090 | 0 | 0 | |a RTH4817 1980 |
| 245 | 1 | 0 | |a Housing maintenance manual |c Scottish Local Authorities Special Housing Group |
| 260 | |a Lancester : |b The construction press , |c 1980 | ||
| 300 | |a 246p. : |b ill ; |c 21 cm. | ||
| 650 | 0 | 0 | |a Dwellings |z Scotland |x Maintenance and repair |
| 999 | |a 0000000380 |b BOOK |c Open Shelf |e Default branch | ||